| 000 | 01042 a2200241 4500 | ||
|---|---|---|---|
| 003 | Nust | ||
| 005 | 20230126133734.0 | ||
| 010 | _a 2003049478 | ||
| 020 | _a0470844094 (alk. paper) | ||
| 040 | _cNust | ||
| 082 | 0 | 0 | _a910.58,APP |
| 245 | 0 | 0 |
_aApplied GIS and spatial analysis / _ceditors, John Stillwell, Graham Clarke. |
| 260 |
_aChichester, West Sussex, England ; _aHoboken, NJ : _bWiley, _cc2004. |
||
| 300 |
_axi, 406 p. : _bill., maps ; _c26 cm. |
||
| 505 | _aPart 1: Geobusiness (Page-9), Part 2: Social Deprivation (Page-87), Part 3: Transport and Location (Page-169), Part 4: National Spatial Planning (Page-257). | ||
| 650 | 0 |
_aGeographic information systems. _96117 |
|
| 650 | 0 |
_aSpatial analysis (Statistics) _920641 |
|
| 700 | 1 |
_aClarke, Graham, _d1960- _9107790 |
|
| 700 | 1 |
_aStillwell, John C. H. _d1952- _9107791 |
|
| 856 | 4 | 2 |
_3Publisher description _uhttp://www.loc.gov/catdir/description/wiley041/2003049478.html |
| 856 | 4 | 2 |
_3Table of contents _uhttp://www.loc.gov/catdir/toc/wiley041/2003049478.html |
| 942 |
_2ddc _cBK |
||
| 999 |
_c186385 _d186385 |
||